| 000 | 00437nam a22001817a 4500 | ||
|---|---|---|---|
| 003 | MPLRDC | ||
| 005 | 20220104165244.0 | ||
| 008 | 210129b ||||| |||| 00| 0 eng d | ||
| 020 | _a0-947334-48-3 | ||
| 082 | _a427.11 SOLO | ||
| 100 | _aCHARMAINE SOLOMON | ||
| 245 |
_aHEALTHY ASIAN FOOD _c |
||
| 260 |
_a _bHAMLYN _c1993 |
||
| 300 | _b精 | ||
| 490 | _aASIAN COOKING LIBRARY | ||
| 650 | _a中菜食谱 | ||
| 942 |
_cBK _o427.11 SOLO |
||
| 999 |
_c57378 _d57368 |
||